1209 1239 1389 1870 1947 1868 1540 1321 1445 1327 1025 1721 1473 1005 1583 1698 1373 1685 1468 1584 1137 1460 1167 1727 1943 1306 1870 1880 1198 1226 1776 1574 1862 1912 1813 1745 1948 1627 1986 1728 1407 1896 1060 1619 1662 1039 1771 1586 1872 1963 1993 1635 1912 1055 1615 1825 1817 1298 1497 1135 1763 1595 1788 1165 1678 1343 1835 1611 1238 1643 1450 1875 1188 1143 1089 1843 1453 1385 1619 1899 1679 1968 1219 1260 1245 1310 1370 1962 1357 1243 1383 1298 1524 1076 1234 1439 1216 1427 1986 BCNSPRNW ULIB Ver.6.0+V

เปลี่ยนเป็นภาษาไทย

Change to English
 แสดงรายละเอียดบรรณานุกรม
  กลับหน้าหลัก

Brief Record : Get Marc (ISO 2709) : E-mail record : QR code < ปิดหน้าต่าง
LEADER : 00000nam 2200000uu 4500
001    13399110622
003     ULIB
008    110606s2549||||th 000 0 tha d
020    9748511839
060 04 WT120^bส665a 2549
245 00 Aging male VI :^bLong run for long lifeสุขภาพดีอย่างยืนยาว Long Live the King /^cบรรณาธิการ, สายัณห์ สวัสดิ์ศรี ... [และคนอื่นๆ]
246 30 Long run for long life สุขภาพดีอย่างยืนยาว Long Live theKing
250    พิมพ์ครั้งที่ 1
260    กรุงเทพฯ :^bสรรพสาร,^c2549
300    163 หน้า :^bภาพประกอบ ;^c27 ซม.
650  7 ผู้สูงอายุ^vการประชุม
650  7 ผู้สูงอายุ^xสุขภาพและอนามัย
650  7 วัยชรา^vการประชุม
700 0  สายัณห์ สวัสดิ์ศรี,^eบรรณาธิการ
711 2  การประชุมวิชาการ Aging Male^n(ครั้งที่ 6 :^d2549 :^cโรงพยาบาลพระมงกุฎเกล้า)
945    ^p220^l0^i019630
995    เกษร
999 ^a ใช้งานได้ทุกระบบ
รายการนี้ยังไม่มีแท็ก
คุณยังไม่ได้ล็อกอิน คุณสามารถมีกิจกรรมร่วมกับเว็บไซต์ได้ แต่ต้องล็อกอินก่อน ::
  ล็อกอิน

รายการสื่อสารสนเทศ

ลำดับที่ ประเภท เลขเรียก/บาร์โค้ด สถานที่ สถานะ
- ไม่พบข้อมูล -

BibComment


ยังไม่เคยถูกคอมเมนท์

คอมเมนท์ทรัพยากรรายการนี้
  คอมเมนท์: Aging male VI Lo..


 Copyright 2026. Bcnsprnw @Library